| 000 | 00707nam a2200217 i 4500 | ||
|---|---|---|---|
| 001 | 131423 | ||
| 003 | ES-MaACL | ||
| 005 | 20250916201055.0 | ||
| 007 | t| | ||
| 008 | 190206s1966 sp r ||||1| cat d | ||
| 100 | 0 |
_aSmulders, Pierre. _9106946 |
|
| 245 | 1 | 3 |
_aLa visió de Teilhard de Chardin / _cP. Smulders ; [traducció de Gabriel Bas]. |
| 260 |
_aBarcelona : _bEdic. 62, _c[1966] |
||
| 300 |
_a294 p. ; _c20 cm. |
||
| 490 | 1 |
_aBiblioteca de Pensament Cristià ; _v12 |
|
| 600 | 1 | 4 |
_aTeilhard de Chardin, Pierre, _d1881-1955 _9109521 |
| 700 | 0 |
_aBas, Gabriel. _926227 |
|
| 830 | 0 |
_aBiblioteca de Pensament Cristià ; _v12 _9181761 |
|
| 852 |
_aES-MaACL _jP-437-Ter-7 |
||
| 999 |
_c131423 _d131423 |
||